| 000 | 00863nam a2200325 a 4500 | ||
|---|---|---|---|
| 003 | AR-BaBNM | ||
| 005 | 20251128203607.0 | ||
| 008 | 082120s2002 ||||||||||||||000 | spa|| | ||
| 020 | _a950-9097-93-4 | ||
| 040 | _cAR-BaBNM | ||
| 100 | 1 | _aMontacuto Chaminaud, Vanesa | |
| 245 | 0 | 0 | _aEl socialismo en la Revolución Francesa |
| 250 | _a1ª ed. | ||
| 260 |
_aBuenos Aires _bFraterna _c1989 |
||
| 300 |
_a166 p. _btablas |
||
| 504 | _aContiene bibliografía para consultar p. 163-164 | ||
| 650 | 4 | _aHISTORIA EUROPEA | |
| 650 | 4 | _aREVOLUCION | |
| 650 | 4 | _aMOVIMIENTOS REVOLUCIONARIOS | |
| 650 | 4 | _aCIENCIAS POLITICAS | |
| 650 | 4 | _aMOTIN | |
| 650 | 4 | _aREVOLUCION | |
| 650 | 4 | _aEJERCITOS | |
| 650 | 4 | _aIGLESIA | |
| 650 | 4 | _aIDEOLOGIAS | |
| 650 | 4 | _aFILOSOFIA | |
| 700 | 1 |
_aBajarlía, Juan Jacobo _eprologuista |
|
| 942 | _cBK | ||
| 998 | _cmariana | ||
| 999 |
_c4056 _d4056 |
||